| 000 | 01110nam a22003017a 4500 | ||
|---|---|---|---|
| 001 | 4027 | ||
| 003 | FISKH | ||
| 005 | 20250507121354.0 | ||
| 008 | 240531b cb ||||| |||| 00| 0 eng d | ||
| 020 | _a9780746062012 | ||
| 040 |
_aFISKH _beng _cFISKH _dFISKH |
||
| 050 | _aPZ5 | ||
| 082 | _a823.914 | ||
| 100 | _aAmery, Heather | ||
| 245 |
_aThe old steam / _cHeather Amery ; Illustrated by Stephen Cartwright ; Language consultant : Betty Root ; Series editor : Jenny Tyler |
||
| 260 |
_aLondon : _bUsborne Books, _c2004 |
||
| 300 |
_a16 unnumbered pages : _bcolor illustrations ; _c21 cm |
||
| 490 | _aUsborne Farmyard Tales | ||
| 505 | _aG | ||
| 520 | _aThis is one of a series of pocket-sized editions of Farmyard Tales, all about Poppy, Sam and all the animals who live on Apple Tree Farm. There is also a little yellow duck to spot on every page. | ||
| 521 | 8 |
_a420
_bLexile |
|
| 521 | 8 |
_aG _bRaz-Plus |
|
| 650 |
_aTransportation _vchildren's fiction |
||
| 650 | _aPicture Book | ||
| 700 |
_aCartwright, Stephen _eIllustrator |
||
| 942 |
_2ddc _cBK _n0 |
||
| 999 |
_c4027 _d4027 |
||